Megatrends in retail real estate. (Record no. 96345)

MARC details
000 -LEADER
fixed length control field 01133cam a2200313 4500
008 - FIXED-LENGTH DATA ELEMENTS--GENERAL INFORMATION
fixed length control field 090401t1996 xxu||||| |||| 00| 0 eng d
020 ## - INTERNATIONAL STANDARD BOOK NUMBER
International Standard Book Number 0792396405
035 ## - SYSTEM CONTROL NUMBER
System control number (Sirsi) u77725
041 ## - LANGUAGE CODE
Language code of text/sound track or separate title eng
050 ## - LIBRARY OF CONGRESS CALL NUMBER
Classification number 333.3370973
245 ## - TITLE STATEMENT
Title Megatrends in retail real estate.
260 ## - PUBLICATION, DISTRIBUTION, ETC.
Place of publication, distribution, etc. Boston, Mass.
Name of publisher, distributor, etc. Kluwer Academic
Date of publication, distribution, etc. 1996
300 ## - PHYSICAL DESCRIPTION
Extent xiv,378p. ; 24cm.
350 ## - PRICE (NR) (BK AM CF MU VM SE) [OBSOLETE]
Price 85.25
490 ## - SERIES STATEMENT
Series statement Research Issues in Real Estate
520 ## - SUMMARY, ETC.
Summary, etc. A collection of papers analysing the changes occuring in the Americanretail marketplace. Includes an examination of investment returns and securitisation as well as the operation of retail properties.
650 ## - SUBJECT ADDED ENTRY--TOPICAL TERM
Topical term or geographic name entry element FORECASTING
650 ## - SUBJECT ADDED ENTRY--TOPICAL TERM
Topical term or geographic name entry element REAL ESTATE
650 ## - SUBJECT ADDED ENTRY--TOPICAL TERM
Topical term or geographic name entry element PROPERTY-COMMERCIAL PROPERTY-RETAIL PROPERTY-RETAIL PROPERTY MARKET
650 ## - SUBJECT ADDED ENTRY--TOPICAL TERM
Topical term or geographic name entry element RETAIL PROPERTY
650 ## - SUBJECT ADDED ENTRY--TOPICAL TERM
Topical term or geographic name entry element SECURITISATION
650 ## - SUBJECT ADDED ENTRY--TOPICAL TERM
Topical term or geographic name entry element UNITED STATES
690 ## - LOCAL SUBJECT ADDED ENTRY--TOPICAL TERM (OCLC, RLIN)
Topical term or geographic name as entry element PROPERTY-COMMERCIAL PROPERTY-RETAIL PROPERTY
700 ## - ADDED ENTRY--PERSONAL NAME
Personal name Benjamin, John D.
International Standard Serial Number Editor
710 ## - ADDED ENTRY--CORPORATE NAME
Corporate name or jurisdiction name as entry element International Council of Shopping Centres
9 (RLIN) 2606
710 ## - ADDED ENTRY--CORPORATE NAME
Corporate name or jurisdiction name as entry element American Real Estate Society
9 (RLIN) 3481
942 ## - ADDED ENTRY ELEMENTS (KOHA)
Suppress in OPAC 0
948 ## - LOCAL PROCESSING INFORMATION (OCLC); SERIES PART DESIGNATOR (RLIN)
c (OCLC) 14/04/1997
Holdings
Withdrawn status Lost status Source of classification or shelving scheme Damaged status Not for loan Home library Current library Shelving location Date acquired Cost, normal purchase price Total Checkouts Full call number Barcode Date last seen Date last checked out Copy number Cost, replacement price Price effective from Koha item type
    Dewey Decimal Classification     London London Books 12/05/1997 85.25 2 333.3370973 30052315 06/08/2019 16/05/2001 1 85.25 06/08/2019 Book